000 00304nam a2200133Ia 4500
005 20251222155044.0
008 251222s9999||||xx |||||||||||||| ||spa||
082 _aANT.25
100 _aY MEZA Jaime Javier
245 0 _aBiblioteca de Oro Cancer
250 _a1ra. ed.
264 _bFenix
942 _cLIB
999 _c37019
_d37019